[Event "CRO-ch Youth U17 2020"]
[Site "Vinkovci"]
[Date "2020.07.30"]
[Round "4.5"]
[White "Vucenovic, Damian"]
[Black "Dabic, Stjepan"]
[Result "1-0"]
[WhiteElo "1959"]
[BlackElo "2120"]
[Annotator "RC"]
[PlyCount "96"]
[EventDate "2020.07.28"]
[EventType "swiss"]
[EventCountry "CRO"]
[SourceTitle "playchess.com"]
[Source "ChessBase"]
[SourceQuality "1"]
[TimeControl "5400+30"]

1. e4 {[%emt 0:00:30]} c5 {[%emt 0:00:30]} 2. Nf3 {[%emt 0:00:30]} d6 {[%emt 0:00:00]} 3. c3 {[%emt 0:00:30]} Nf6 {[%emt 0:00:00]} 4. h3 {[%emt 0:01:30]} Nc6 {[%emt 0:00:30]} 5. Bd3 {[%emt 0:01:30]} d5 {[%emt 0:00:30]} 6. e5 {[%emt 0:05:30]} Nd7 {[%emt 0:00:00]} 7. Qe2 {[%emt 0:03:30]} e6 {[%emt 0:00:00]} 8. O-O {[%emt 0:00:30]} Qc7 {[%emt 0:05:30]} 9. Re1 {[%emt 0:01:30]} Be7 {[%emt 0:17:30]} 10. Bc2 {[%emt 0:04:30]} O-O {[%emt 0:15:30]} 11. a3 {[%emt 0:06:30]} a5 {[%emt 0:06:30]} 12. d4 {[%emt 0:08:30]} b6 {[%emt 0:06:30]} 13. Bg5 {[%emt 0:08:30]} f6 {[%emt 0:11:30]} 14. exf6 {[%emt 0:03:30]} Nxf6 {[%emt 0:00:30]} 15. Ne5 {[%emt 0:07:30]} Nxe5 {[%emt 0:05:30]} 16. Qxe5 {[%emt 0:07:30]} Bd6 {[%emt 0:00:30]} 17. Qe2 {[%emt 0:00:30]} Bd7 {[%emt 0:01:30]} 18. Bxf6 {[%emt 0:04:30]} Rxf6 {[%emt 0:00:30]} 19. Nd2 {[%emt 0:02:30]} cxd4 {[%emt 0:01:30]} 20. Qd3 {[%emt 0:00:30]} g6 {[%emt 0:00:30]} 21. Qxd4 {[%emt 0:02:30]} Raf8 {[%emt 0:00:30]} 22. Nf3 {[%emt 0:00:30]} Bc6 {[%emt 0:07:55]} 23. Bb3 {[%emt 0:01:30]} a4 {[%emt 0:06:21]} 24. Ba2 {[%emt 0:01:30]} h6 {[%emt 0:02:49]} 25. Re2 {[%emt 0:01:30]} Kh7 {[%emt 0:02:07]} 26. Rae1 {[%emt 0:01:30]} Bc5 {[%emt 0:01:13]} 27. Qe5 {[%emt 0:00:30]} Qf7 {[%emt 0:00:37]} 28. Nd4 {[%emt 0:09:26]} Rxf2 {[%emt 0:01:07]} 29. Qxe6 {[%emt 0:00:36]} Rf1+ {[%emt 0:00:50]} 30. Rxf1 {[%emt 0:00:40]} Qxf1+ {[%emt 0:00:04]} 31. Kh2 {[%emt 0:00:05]} Rf6 {[%emt 0:00:05]} 32. Qe3 {[%emt 0:01:26]} Bd6+ {[%emt 0:00:03]} 33. g3 {[%emt 0:00:05]} Bd7 {[%emt 0:00:06]} 34. Rg2 {[%emt 0:01:10]} h5 {[%emt 0:00:54]} 35. Qe2 {[%emt 0:07:07]} Qa1 {[%emt 0:01:01]} 36. Bxd5 {[%emt 0:01:12]} h4 {[%emt 0:00:37]} 37. Rg1 {[%emt 0:00:46]} hxg3+ {[%emt 0:01:19]} 38. Kh1 {[%emt 0:01:38]} Qxg1+ {[%emt 0:00:05]} 39. Kxg1 {[%emt 0:00:38]} Rf2 {[%emt 0:00:01]} 40. Qe4 {[%emt 0:02:56]} Rf4 {[%emt 0:03:17]} 41. Qd3 {[%emt 0:00:58]} Bxh3 {[%emt 0:00:37]} 42. Bg2 {[%emt 0:00:21]} Bxg2 {[%emt 0:00:32]} 43. Kxg2 {[%emt 0:00:11]} Rf2+ {[%emt 0:00:02]} 44. Kg1 {[%emt 0:00:32]} Rxb2 {[%emt 0:00:03]} 45. Ne6 {[%emt 0:01:24]} Bxa3 {[%emt 0:01:48]} 46. Qxg3 {[%emt 0:00:36]} Rb3 {[%emt 0:01:26]} 47. Qh4+ {[%emt 0:00:37]} Kg8 {[%emt 0:00:08]} 48. Qf6 {[%emt 0:00:20]} Bd6 {[%emt 0:00:38]} 1-0

[Event "CRO-ch Youth U17 2020"]
[Site "Vinkovci"]
[Date "2020.07.30"]
[Round "4.6"]
[White "Juric, Ester"]
[Black "Bedic, Noemi"]
[Result "1-0"]
[WhiteElo "1663"]
[BlackElo "1712"]
[Annotator "NA"]
[PlyCount "87"]
[EventDate "2020.07.28"]
[EventType "swiss"]
[EventCountry "CRO"]
[SourceTitle "playchess.com"]
[Source "ChessBase"]
[SourceQuality "1"]
[TimeControl "5400+30"]

1. d4 {[%emt 0:00:30]} Nf6 {[%emt 0:00:30]} 2. Bg5 {[%emt 0:00:00]} g6 {[%emt 0:05:30]} 3. Bxf6 {[%emt 0:01:00]} exf6 {[%emt 0:05:30]} 4. e3 {[%emt 0:00:00]} Bg7 {[%emt 0:00:30]} 5. g3 {[%emt 0:01:00]} O-O {[%emt 0:00:30]} 6. Bg2 {[%emt 0:00:00]} d5 {[%emt 0:02:30]} 7. h4 {[%emt 0:04:00]} h5 {[%emt 0:02:30]} 8. Ne2 {[%emt 0:01:30]} c6 {[%emt 0:02:30]} 9. Nd2 {[%emt 0:05:30]} Re8 {[%emt 0:05:30]} 10. Nf4 {[%emt 0:07:30]} Qb6 {[%emt 0:07:30]} 11. Nb3 {[%emt 0:19:30]} a5 {[%emt 0:00:30]} 12. Rb1 {[%emt 0:15:30]} Na6 {[%emt 0:06:30]} 13. a3 {[%emt 0:00:30]} a4 {[%emt 0:17:30]} 14. Nd2 {[%emt 0:00:30]} Qxd4 {[%emt 0:03:30]} 15. O-O {[%emt 0:05:30]} Qb6 {[%emt 0:04:30]} 16. Re1 {[%emt 0:01:30]} f5 {[%emt 0:03:30]} 17. Nd3 {[%emt 0:06:30]} Bd7 {[%emt 0:08:30]} 18. c4 {[%emt 0:07:30]} Nc7 {[%emt 0:06:58]} 19. cxd5 {[%emt 0:01:39]} Nxd5 {[%emt 0:01:31]} 20. Nc4 {[%emt 0:01:08]} Qc7 {[%emt 0:02:16]} 21. Rc1 {[%emt 0:04:00]} Be6 {[%emt 0:01:32]} 22. Qc2 {[%emt 0:04:08]} b5 {[%emt 0:02:06]} 23. Nd2 {[%emt 0:00:39]} Rac8 {[%emt 0:00:47]} 24. e4 {[%emt 0:02:15]} fxe4 {[%emt 0:00:59]} 25. Bxe4 {[%emt 0:00:09]} Ne7 {[%emt 0:04:04]} 26. Nc5 {[%emt 0:01:58]} Bd4 {[%emt 0:01:50]} 27. Nf1 {[%emt 0:01:08]} Bc4 {[%emt 0:01:17]} 28. Nd3 {[%emt 0:00:42]} Nd5 {[%emt 0:01:05]} 29. Qd2 {[%emt 0:04:47]} Nf6 {[%emt 0:01:02]} 30. Bf3 {[%emt 0:02:15]} Qb6 {[%emt 0:00:59]} 31. Rxe8+ {[%emt 0:01:14]} Rxe8 {[%emt 0:00:02]} 32. Rc2 {[%emt 0:00:09]} Rd8 {[%emt 0:00:45]} 33. Nf4 {[%emt 0:01:17]} Bxf2+ {[%emt 0:00:06]} 34. Qxf2 {[%emt 0:00:03]} Qa5 {[%emt 0:01:08]} 35. Rd2 {[%emt 0:00:38]} Re8 {[%emt 0:00:33]} 36. Ne3 {[%emt 0:00:46]} Ne4 {[%emt 0:00:48]} 37. Bxe4 {[%emt 0:00:17]} Rxe4 {[%emt 0:00:00]} 38. Nxc4 {[%emt 0:00:36]} Rxc4 {[%emt 0:00:01]} 39. Qe1 {[%emt 0:00:17]} Qb6+ {[%emt 0:00:56]} 40. Kg2 {[%emt 0:00:37]} Qb7 {[%emt 0:00:59]} 41. Kh2 {[%emt 0:00:47]} Qc7 {[%emt 0:00:26]} 42. Qe8+ {[%emt 0:00:19]} Kg7 {[%emt 0:00:41]} 43. Ne6+ {[%emt 0:00:15]} fxe6 {[%emt 0:00:10]} 44. Rd7+ {[%emt 0:00:03]} 1-0

[Event "CRO-ch Youth U17 2020"]
[Site "Vinkovci"]
[Date "2020.07.30"]
[Round "4.7"]
[White "Dejanovic, Tereza"]
[Black "Randic, Petra"]
[Result "1-0"]
[WhiteElo "1788"]
[BlackElo "1794"]
[Annotator "NA"]
[PlyCount "133"]
[EventDate "2020.07.28"]
[EventType "swiss"]
[EventCountry "CRO"]
[SourceTitle "playchess.com"]
[Source "ChessBase"]
[SourceQuality "1"]
[TimeControl "5400+30"]

1. e4 {[%emt 0:00:30]} Nc6 {[%emt 0:00:30]} 2. d4 {[%emt 0:00:00]} d5 {[%emt 0:00:30]} 3. exd5 {[%emt 0:00:00]} Qxd5 {[%emt 0:00:30]} 4. Nf3 {[%emt 0:01:30]} Bg4 {[%emt 0:00:30]} 5. Be2 {[%emt 0:00:30]} O-O-O {[%emt 0:01:30]} 6. c3 {[%emt 0:03:30]} e5 {[%emt 0:04:30]} 7. dxe5 {[%emt 0:14:30]} Qxd1+ {[%emt 0:01:30]} 8. Bxd1 {[%emt 0:01:30]} Nxe5 {[%emt 0:02:30]} 9. O-O {[%emt 0:01:30]} Nxf3+ {[%emt 0:04:30]} 10. Bxf3 {[%emt 0:01:30]} Bxf3 {[%emt 0:00:30]} 11. gxf3 {[%emt 0:00:30]} Rd6 {[%emt 0:06:30]} 12. Be3 {[%emt 0:05:30]} Nh6 {[%emt 0:02:30]} 13. Nd2 {[%emt 0:05:30]} Nf5 {[%emt 0:03:30]} 14. Bf4 {[%emt 0:00:30]} Rg6+ {[%emt 0:03:30]} 15. Kh1 {[%emt 0:00:30]} Bd6 {[%emt 0:10:30]} 16. Bg3 {[%emt 0:03:30]} Re8 {[%emt 0:04:30]} 17. Rae1 {[%emt 0:04:30]} Rge6 {[%emt 0:03:30]} 18. Rxe6 {[%emt 0:00:30]} Rxe6 {[%emt 0:01:30]} 19. Ne4 {[%emt 0:01:30]} Be7 {[%emt 0:07:30]} 20. Rd1 {[%emt 0:02:30]} Nh4 {[%emt 0:04:30]} 21. Bxh4 {[%emt 0:06:30]} Bxh4 {[%emt 0:00:30]} 22. Rd2 {[%emt 0:00:30]} b6 {[%emt 0:01:30]} 23. c4 {[%emt 0:04:30]} Re5 {[%emt 0:03:30]} 24. b3 {[%emt 0:03:30]} Be7 {[%emt 0:01:30]} 25. Kg2 {[%emt 0:02:30]} Bb4 {[%emt 0:00:30]} 26. Re2 {[%emt 0:02:30]} Kd7 {[%emt 0:05:30]} 27. Re3 {[%emt 0:05:30]} f5 {[%emt 0:05:30]} 28. Ng3 {[%emt 0:05:30]} Rxe3 {[%emt 0:03:43]} 29. fxe3 {[%emt 0:00:00]} f4 {[%emt 0:01:04]} 30. exf4 {[%emt 0:02:00]} Bc3 {[%emt 0:03:50]} 31. Ne4 {[%emt 0:03:58]} Bd4 {[%emt 0:02:19]} 32. Kg3 {[%emt 0:01:26]} h6 {[%emt 0:02:34]} 33. Kg4 {[%emt 0:00:42]} Ke6 {[%emt 0:01:00]} 34. Ng3 {[%emt 0:08:44]} Bg1 {[%emt 0:03:51]} 35. h4 {[%emt 0:02:58]} Bf2 {[%emt 0:01:08]} 36. f5+ {[%emt 0:02:05]} Ke7 {[%emt 0:01:16]} 37. Nh5 {[%emt 0:00:31]} Kf7 {[%emt 0:00:20]} 38. Nf4 {[%emt 0:01:06]} a6 {[%emt 0:01:47]} 39. Nd5 {[%emt 0:00:34]} c6 {[%emt 0:00:15]} 40. Nb4 {[%emt 0:00:14]} a5 {[%emt 0:00:43]} 41. Nxc6 {[%emt 0:00:30]} Kf6 {[%emt 0:00:19]} 42. h5 {[%emt 0:01:43]} Be3 {[%emt 0:00:31]} 43. b4 {[%emt 0:02:26]} axb4 {[%emt 0:01:18]} 44. Nxb4 {[%emt 0:00:01]} Bc5 {[%emt 0:00:56]} 45. Nc6 {[%emt 0:00:42]} Be3 {[%emt 0:00:26]} 46. a4 {[%emt 0:00:20]} Bd2 {[%emt 0:00:47]} 47. Nd8 {[%emt 0:00:58]} Be3 {[%emt 0:01:10]} 48. Ne6 {[%emt 0:00:07]} Bd2 {[%emt 0:00:15]} 49. c5 {[%emt 0:00:12]} bxc5 {[%emt 0:00:32]} 50. Nxc5 {[%emt 0:00:00]} Ke5 {[%emt 0:00:18]} 51. Ne6 {[%emt 0:01:12]} Kf6 {[%emt 0:00:08]} 52. f4 {[%emt 0:00:14]} Bc3 {[%emt 0:00:11]} 53. Nc5 {[%emt 0:00:15]} Bb4 {[%emt 0:01:07]} 54. Ne4+ {[%emt 0:01:13]} Kf7 {[%emt 0:00:45]} 55. Kf3 {[%emt 0:00:23]} Ke7 {[%emt 0:00:28]} 56. Ke3 {[%emt 0:00:09]} Ba5 {[%emt 0:00:40]} 57. Nd2 {[%emt 0:00:47]} Kf6 {[%emt 0:00:28]} 58. Nc4 {[%emt 0:00:13]} Bb4 {[%emt 0:00:39]} 59. Ke4 {[%emt 0:00:02]} Bc5 {[%emt 0:00:28]} 60. a5 {[%emt 0:00:11]} Ke7 {[%emt 0:00:21]} 61. a6 {[%emt 0:00:54]} Ba7 {[%emt 0:00:26]} 62. Ne5 {[%emt 0:00:17]} Kd6 {[%emt 0:00:29]} 63. f6 {[%emt 0:00:30]} gxf6 {[%emt 0:00:15]} 64. Nf7+ {[%emt 0:00:05]} Ke7 {[%emt 0:00:40]} 65. Nxh6 {[%emt 0:00:04]} Ke6 {[%emt 0:00:11]} 66. Nf5 {[%emt 0:00:10]} Bc5 {[%emt 0:00:25]} 67. h6 {[%emt 0:00:12]} 1-0

[Event "CRO-ch Youth U17 2020"]
[Site "Vinkovci"]
[Date "2020.07.30"]
[Round "4.8"]
[White "Bevanda, Ema"]
[Black "Smetisko, Lucija"]
[Result "1-0"]
[WhiteElo "1554"]
[BlackElo "1567"]
[Annotator "NA"]
[PlyCount "87"]
[EventDate "2020.07.28"]
[EventType "swiss"]
[EventCountry "CRO"]
[SourceTitle "playchess.com"]
[Source "ChessBase"]
[SourceQuality "1"]
[TimeControl "5400+30"]

1. d4 {[%emt 0:00:30]} d5 {[%emt 0:00:30]} 2. Bf4 {[%emt 0:00:30]} e6 {[%emt 0:00:30]} 3. e3 {[%emt 0:00:00]} c5 {[%emt 0:01:30]} 4. Nf3 {[%emt 0:01:00]} c4 {[%emt 0:00:00]} 5. c3 {[%emt 0:00:30]} Nf6 {[%emt 0:01:00]} 6. Ne5 {[%emt 0:01:30]} Be7 {[%emt 0:06:30]} 7. Nd2 {[%emt 0:01:30]} Nbd7 {[%emt 0:02:30]} 8. Qf3 {[%emt 0:01:30]} Nxe5 {[%emt 0:04:30]} 9. dxe5 {[%emt 0:00:30]} Nd7 {[%emt 0:00:30]} 10. Qg4 {[%emt 0:02:30]} g5 {[%emt 0:04:30]} 11. Bxg5 {[%emt 0:12:30]} Bxg5 {[%emt 0:00:30]} 12. f4 {[%emt 0:00:00]} h5 {[%emt 0:03:30]} 13. Qxg5 {[%emt 0:01:00]} Qxg5 {[%emt 0:00:30]} 14. fxg5 {[%emt 0:00:30]} Nxe5 {[%emt 0:00:30]} 15. Nf3 {[%emt 0:00:30]} Nd7 {[%emt 0:07:30]} 16. h4 {[%emt 0:02:30]} Nc5 {[%emt 0:01:30]} 17. Ne5 {[%emt 0:11:30]} Ne4 {[%emt 0:03:30]} 18. Rh3 {[%emt 0:00:30]} f6 {[%emt 0:13:30]} 19. gxf6 {[%emt 0:05:30]} Nxf6 {[%emt 0:00:00]} 20. Rg3 {[%emt 0:01:30]} Rg8 {[%emt 0:11:00]} 21. Rxg8+ {[%emt 0:00:30]} Nxg8 {[%emt 0:00:00]} 22. Be2 {[%emt 0:00:30]} Nf6 {[%emt 0:01:00]} 23. O-O-O {[%emt 0:00:30]} Bd7 {[%emt 0:02:30]} 24. Rf1 {[%emt 0:02:30]} Ke7 {[%emt 0:02:30]} 25. Rxf6 {[%emt 0:12:30]} Kxf6 {[%emt 0:01:30]} 26. Nxd7+ {[%emt 0:07:30]} Kf5 {[%emt 0:03:30]} 27. Bxh5 {[%emt 0:00:30]} b6 {[%emt 0:24:55]} 28. g4+ {[%emt 0:02:30]} Ke4 {[%emt 0:00:05]} 29. Kd2 {[%emt 0:01:30]} Kf3 {[%emt 0:01:01]} 30. g5+ {[%emt 0:00:30]} Kg3 {[%emt 0:00:41]} 31. g6 {[%emt 0:00:30]} Kxh4 {[%emt 0:02:11]} 32. g7 {[%emt 0:00:30]} Rg8 {[%emt 0:00:08]} 33. Bf7 {[%emt 0:05:30]} Rxg7 {[%emt 0:00:01]} 34. Bxe6 {[%emt 0:00:00]} Re7 {[%emt 0:02:17]} 35. Nf8 {[%emt 0:02:00]} Re8 {[%emt 0:00:38]} 36. Ng6+ {[%emt 0:00:30]} Kg3 {[%emt 0:00:29]} 37. Bxd5 {[%emt 0:00:30]} Rd8 {[%emt 0:00:26]} 38. e4 {[%emt 0:00:30]} Rd6 {[%emt 0:00:29]} 39. Ne5 {[%emt 0:00:30]} Kf4 {[%emt 0:00:34]} 40. Nxc4 {[%emt 0:00:30]} Rh6 {[%emt 0:00:28]} 41. Kc2 {[%emt 0:00:30]} Rg6 {[%emt 0:00:30]} 42. Kb3 {[%emt 0:00:30]} b5 {[%emt 0:00:30]} 43. Na5 {[%emt 0:01:30]} a6 {[%emt 0:00:15]} 44. a3 {[%emt 0:06:24]} 1-0

[Event "CRO-ch Youth U17 2020"]
[Site "Vinkovci"]
[Date "2020.08.01"]
[Round "5.1"]
[White "Levacic, Matej"]
[Black "Troselj, Ivan"]
[Result "0-1"]
[WhiteElo "2040"]
[BlackElo "1857"]
[Annotator "ChessBase"]
[PlyCount "78"]
[EventDate "2020.07.28"]
[EventType "swiss"]
[EventCountry "CRO"]
[TimeControl "5400+30"]

1. d4 {[%emt 0:00:30]} Nf6 {[%emt 0:00:30]} 2. Nf3 {[%emt 0:00:30]} d5 {[%emt 0:00:00]} 3. c4 {[%emt 0:00:00]} e6 {[%emt 0:00:00]} 4. Nc3 {[%emt 0:00:00]} Be7 {[%emt 0:00:30]} 5. Bf4 {[%emt 0:00:30]} O-O {[%emt 0:00:00]} 6. e3 {[%emt 0:00:00]} Nbd7 {[%emt 0:00:00]} 7. Be2 {[%emt 0:01:00]} b6 {[%emt 0:01:30]} 8. cxd5 {[%emt 0:00:30]} exd5 {[%emt 0:00:30]} 9. O-O {[%emt 0:02:30]} Bb7 {[%emt 0:01:30]} 10. Bd3 {[%emt 0:06:30]} c5 {[%emt 0:07:30]} 11. Ne5 {[%emt 0:06:30]} Nxe5 {[%emt 0:05:30]} 12. dxe5 {[%emt 0:00:30]} Ne4 {[%emt 0:00:30]} 13. Bxe4 {[%emt 0:06:30]} dxe4 {[%emt 0:00:30]} 14. Qg4 {[%emt 0:03:30]} Qc8 {[%emt 0:02:30]} 15. Qg3 {[%emt 0:02:30]} Qf5 {[%emt 0:00:30]} 16. Bh6 {[%emt 0:07:30]} Qg6 {[%emt 0:00:30]} 17. Qxg6 {[%emt 0:00:00]} hxg6 {[%emt 0:00:30]} 18. Bf4 {[%emt 0:00:00]} Rfd8 {[%emt 0:00:30]} 19. Rfd1 {[%emt 0:00:30]} Rd3 {[%emt 0:01:30]} 20. Nb5 {[%emt 0:05:30]} g5 {[%emt 0:02:30]} 21. Bg3 {[%emt 0:00:00]} Rad8 {[%emt 0:01:30]} 22. Nd6 {[%emt 0:05:00]} Bxd6 {[%emt 0:00:30]} 23. exd6 {[%emt 0:00:30]} c4 {[%emt 0:00:30]} 24. Rdc1 {[%emt 0:05:30]} Bd5 {[%emt 0:02:30]} 25. a4 {[%emt 0:07:30]} f6 {[%emt 0:05:30]} 26. a5 {[%emt 0:03:30]} b5 {[%emt 0:00:30]} 27. a6 {[%emt 0:00:30]} Kf7 {[%emt 0:03:30]} 28. Kf1 {[%emt 0:00:30]} Ke6 {[%emt 0:00:30]} 29. Ke2 {[%emt 0:02:30]} g4 {[%emt 0:00:30]} 30. Rh1 {[%emt 0:01:30]} Rc8 {[%emt 0:07:30]} 31. Rhc1 {[%emt 0:02:30]} b4 {[%emt 0:02:30]} 32. Ra5 {[%emt 0:04:30]} Rb3 {[%emt 0:04:30]} 33. Rc2 {[%emt 0:04:30]} c3 {[%emt 0:00:30]} 34. bxc3 {[%emt 0:04:03]} bxc3 {[%emt 0:00:30]} 35. Ra1 {[%emt 0:02:44]} Rb2 {[%emt 0:00:00]} 36. Rac1 {[%emt 0:03:12]} Bb3 {[%emt 0:00:00]} 37. Rxb2 {[%emt 0:03:13]} cxb2 {[%emt 0:00:30]} 38. Rxc8 {[%emt 0:01:51]} b1=Q {[%emt 0:00:30]} 39. Re8+ {[%emt 0:00:26]} Kf5 {[%emt 0:00:30]} 0-1

[Event "CRO-ch Youth U17 2020"]
[Site "Vinkovci"]
[Date "2020.08.01"]
[Round "5.2"]
[White "Ljubicic, Mario"]
[Black "Karlusic, Luka"]
[Result "1-0"]
[WhiteElo "1966"]
[BlackElo "2169"]
[Annotator "ChessBase"]
[PlyCount "102"]
[EventDate "2020.07.28"]
[EventType "swiss"]
[EventCountry "CRO"]
[TimeControl "5400+30"]

1. e4 {[%emt 0:00:30]} c5 {[%emt 0:00:30]} 2. Nf3 {[%emt 0:00:00]} Nc6 {[%emt 0:00:00]} 3. d4 {[%emt 0:00:00]} cxd4 {[%emt 0:00:00]} 4. Nxd4 {[%emt 0:00:30]} Nf6 {[%emt 0:00:00]} 5. Nc3 {[%emt 0:00:30]} e5 {[%emt 0:00:00]} 6. Ndb5 {[%emt 0:03:30]} d6 {[%emt 0:00:30]} 7. Be3 {[%emt 0:10:30]} a6 {[%emt 0:04:30]} 8. Na3 {[%emt 0:00:30]} b5 {[%emt 0:07:30]} 9. Nd5 {[%emt 0:01:30]} Rb8 {[%emt 0:03:30]} 10. Bd3 {[%emt 0:16:30]} Be6 {[%emt 0:12:30]} 11. Nxf6+ {[%emt 0:04:30]} gxf6 {[%emt 0:10:30]} 12. O-O {[%emt 0:16:30]} h5 {[%emt 0:12:30]} 13. c4 {[%emt 0:03:30]} b4 {[%emt 0:01:30]} 14. Nc2 {[%emt 0:01:30]} Qd7 {[%emt 0:04:30]} 15. Kh1 {[%emt 0:02:30]} Bh6 {[%emt 0:06:30]} 16. Bxh6 {[%emt 0:05:30]} Rxh6 {[%emt 0:00:30]} 17. Qd2 {[%emt 0:00:30]} Rg6 {[%emt 0:13:30]} 18. f3 {[%emt 0:06:30]} Ke7 {[%emt 0:03:35]} 19. b3 {[%emt 0:05:10]} a5 {[%emt 0:00:51]} 20. Rad1 {[%emt 0:03:19]} Rd8 {[%emt 0:00:52]} 21. f4 {[%emt 0:02:32]} exf4 {[%emt 0:00:39]} 22. Qxf4 {[%emt 0:00:38]} Ne5 {[%emt 0:00:57]} 23. Be2 {[%emt 0:00:28]} Bg4 {[%emt 0:03:31]} 24. Nd4 {[%emt 0:02:32]} Bxe2 {[%emt 0:01:05]} 25. Nxe2 {[%emt 0:00:01]} Qg4 {[%emt 0:01:54]} 26. Qxg4 {[%emt 0:00:44]} Rxg4 {[%emt 0:00:21]} 27. Nf4 {[%emt 0:00:32]} Nd7 {[%emt 0:03:36]} 28. Rd5 {[%emt 0:02:42]} Rg5 {[%emt 0:00:16]} 29. Nxh5 {[%emt 0:02:49]} Re5 {[%emt 0:03:06]} 30. Ng3 {[%emt 0:01:29]} Nb6 {[%emt 0:02:16]} 31. Nf5+ {[%emt 0:02:05]} Ke6 {[%emt 0:00:07]} 32. Nd4+ {[%emt 0:01:19]} Kd7 {[%emt 0:00:02]} 33. Rxe5 {[%emt 0:00:51]} dxe5 {[%emt 0:00:44]} 34. Nb5 {[%emt 0:00:38]} Ke7 {[%emt 0:00:24]} 35. c5 {[%emt 0:02:08]} Nc8 {[%emt 0:00:53]} 36. Nc7 {[%emt 0:01:53]} Rd2 {[%emt 0:00:23]} 37. Nd5+ {[%emt 0:00:05]} Kd7 {[%emt 0:00:24]} 38. h4 {[%emt 0:00:14]} Ne7 {[%emt 0:02:42]} 39. Rxf6 {[%emt 0:01:10]} Nxd5 {[%emt 0:00:16]} 40. exd5 {[%emt 0:00:38]} Rxd5 {[%emt 0:00:23]} 41. Rd6+ {[%emt 0:00:51]} Rxd6 {[%emt 0:00:05]} 42. cxd6 {[%emt 0:00:03]} Kxd6 {[%emt 0:00:06]} 43. g4 {[%emt 0:00:23]} Ke6 {[%emt 0:00:38]} 44. Kg2 {[%emt 0:00:15]} f5 {[%emt 0:00:50]} 45. gxf5+ {[%emt 0:00:44]} Kxf5 {[%emt 0:00:01]} 46. Kf3 {[%emt 0:00:05]} Kf6 {[%emt 0:02:00]} 47. Ke4 {[%emt 0:00:05]} Ke6 {[%emt 0:00:01]} 48. h5 {[%emt 0:00:06]} Kf6 {[%emt 0:00:06]} 49. h6 {[%emt 0:00:12]} Kg6 {[%emt 0:00:06]} 50. Kxe5 {[%emt 0:00:03]} Kxh6 {[%emt 0:00:01]} 51. Kd5 {[%emt 0:00:04]} a4 {[%emt 0:00:07]} 1-0

[Event "CRO-ch Youth U17 2020"]
[Site "Vinkovci"]
[Date "2020.08.01"]
[Round "5.4"]
[White "Mrvac, Petar"]
[Black "Mahecic, Lovre"]
[Result "0-1"]
[WhiteElo "1848"]
[BlackElo "1949"]
[Annotator "ChessBase"]
[PlyCount "86"]
[EventDate "2020.07.28"]
[EventType "swiss"]
[EventCountry "CRO"]
[TimeControl "5400+30"]

1. e4 {[%emt 0:00:30]} e5 {[%emt 0:00:30]} 2. Nf3 {[%emt 0:00:00]} Nc6 {[%emt 0:00:00]} 3. d4 {[%emt 0:00:00]} exd4 {[%emt 0:00:00]} 4. Nxd4 {[%emt 0:00:00]} Bc5 {[%emt 0:00:00]} 5. Be3 {[%emt 0:00:00]} Qf6 {[%emt 0:00:00]} 6. c3 {[%emt 0:00:30]} d6 {[%emt 0:00:30]} 7. Bc4 {[%emt 0:01:30]} Nge7 {[%emt 0:02:30]} 8. O-O {[%emt 0:00:30]} a6 {[%emt 0:00:30]} 9. Nxc6 {[%emt 0:07:30]} Nxc6 {[%emt 0:00:00]} 10. Bxc5 {[%emt 0:00:30]} dxc5 {[%emt 0:00:00]} 11. Nd2 {[%emt 0:04:30]} O-O {[%emt 0:00:30]} 12. Qe2 {[%emt 0:05:30]} Be6 {[%emt 0:07:30]} 13. f4 {[%emt 0:07:30]} Rad8 {[%emt 0:01:30]} 14. Rad1 {[%emt 0:02:30]} Rfe8 {[%emt 0:02:30]} 15. g3 {[%emt 0:07:30]} b5 {[%emt 0:19:30]} 16. Bb3 {[%emt 0:27:30]} Na5 {[%emt 0:02:30]} 17. e5 {[%emt 0:02:30]} Qg6 {[%emt 0:01:30]} 18. Bxe6 {[%emt 0:03:30]} Qxe6 {[%emt 0:00:30]} 19. Ne4 {[%emt 0:01:30]} Nb7 {[%emt 0:04:30]} 20. Rxd8 {[%emt 0:09:17]} Rxd8 {[%emt 0:00:00]} 21. b3 {[%emt 0:03:59]} Qd5 {[%emt 0:03:00]} 22. Kf2 {[%emt 0:05:46]} h6 {[%emt 0:01:30]} 23. Rc1 {[%emt 0:01:48]} c4 {[%emt 0:07:30]} 24. b4 {[%emt 0:00:49]} Qe6 {[%emt 0:00:30]} 25. Rc2 {[%emt 0:01:17]} Rd3 {[%emt 0:10:30]} 26. Rd2 {[%emt 0:01:03]} Qd5 {[%emt 0:00:30]} 27. Rxd3 {[%emt 0:02:38]} cxd3 {[%emt 0:00:30]} 28. Qe3 {[%emt 0:00:08]} Qxa2+ {[%emt 0:00:00]} 29. Qd2 {[%emt 0:00:31]} Qxd2+ {[%emt 0:06:00]} 30. Nxd2 {[%emt 0:00:08]} c5 {[%emt 0:00:30]} 31. Ke3 {[%emt 0:01:53]} c4 {[%emt 0:00:00]} 32. Ne4 {[%emt 0:00:09]} Kf8 {[%emt 0:00:00]} 33. f5 {[%emt 0:00:34]} Ke7 {[%emt 0:00:30]} 34. g4 {[%emt 0:00:11]} a5 {[%emt 0:00:30]} 35. bxa5 {[%emt 0:00:36]} Nxa5 {[%emt 0:00:30]} 36. Nd6 {[%emt 0:00:43]} Nc6 {[%emt 0:00:30]} 37. Nxb5 {[%emt 0:00:26]} Nxe5 {[%emt 0:00:00]} 38. h3 {[%emt 0:00:35]} Kf6 {[%emt 0:00:00]} 39. Nd6 {[%emt 0:00:50]} Kg5 {[%emt 0:01:30]} 40. Kd4 {[%emt 0:00:42]} f6 {[%emt 0:00:30]} 41. Ne4+ {[%emt 0:00:42]} Kh4 {[%emt 0:00:00]} 42. Nf2 {[%emt 0:00:09]} Kg3 {[%emt 0:01:00]} 43. Ke3 {[%emt 0:00:14]} Nf7 {[%emt 0:00:30]} 0-1